Paroles - Still loving you, Scorpions - Statistiques

Statistiques générales
  • Ce quiz a été pris 30 fois
  • Le résultat moyen est 64 sur 284
Statistiques - réponses
% Correct
92%
76%
72%
68%
64%
64%
64%
60%
60%
60%
60%
56%
56%
56%
56%
56%
52%
52%
52%
52%
52%
48%
48%
48%
48%
48%
48%
48%
48%
44%
44%
44%
44%
44%
36%
36%
36%
36%
36%
36%
36%
36%
36%
32%
32%
32%
32%
32%
32%
32%
32%
28%
28%
28%
28%
28%
28%
28%
28%
28%
28%
28%
28%
28%
28%
28%
28%
28%
28%
24%
24%
24%
24%
24%
24%
24%
24%
24%
24%
24%
24%
24%
24%
24%
24%
20%
20%
20%
20%
20%
20%
20%
20%
20%
20%
20%
20%
20%
20%
20%
20%
20%
20%
20%
20%
20%
20%
20%
20%
16%
16%
16%
16%
16%
16%
16%
16%
16%
16%
16%
16%
16%
16%
16%
16%
16%
16%
16%
16%
16%
16%
16%
16%
16%
16%
16%
16%
16%
16%
16%
16%
16%
16%
16%
16%
16%
16%
16%
16%
16%
16%
16%
16%
16%
16%
16%
16%
16%
16%
16%
16%
16%
16%
16%
16%
16%
16%
16%
16%
16%
16%
16%
16%
16%
16%
16%
16%
16%
16%
16%
16%
16%
16%
16%
16%
16%
16%
16%
16%
16%
16%
16%
16%
16%
16%
16%
16%
16%
16%
16%
16%
16%
16%
16%
16%
16%
16%
16%
16%
16%
16%
16%
16%
16%
16%
16%
16%
16%
16%
16%
16%
16%
16%
16%
16%
16%
16%
16%
16%
16%
16%
16%
16%
16%
16%
16%
16%
16%
16%
12%
12%
12%
12%
12%
12%
12%
12%
12%
12%
12%
12%
12%
12%
12%
12%
12%
12%
12%
12%
12%
8%
8%
8%
8%
8%
8%
8%
8%
8%
8%
8%
8%
8%
8%
8%
8%
8%
8%
8%
8%
8%
8%
8%
8%
Aucun quiz correspondant
Distribution des résultats
% des personnes avec chaque résultat
Percentile par nombre de réponses
Votre historique - résultats
Vous n’avez pas pris ce quiz